<?xml version="1.0" encoding="UTF-8"?>
<collection xmlns="http://www.loc.gov/MARC21/slim">
 <record>
  <leader>04712cam a2200841 a 4500</leader>
  <controlfield tag="001">1/52341</controlfield>
  <controlfield tag="008">900927s1991    nyub     b    001 0 eng  </controlfield>
  <datafield tag="010" ind1=" " ind2=" ">
   <subfield code="a">   90084819 </subfield>
  </datafield>
  <datafield tag="016" ind1=" " ind2=" ">
   <subfield code="a">(AMICUS)000010415312</subfield>
  </datafield>
  <datafield tag="035" ind1=" " ind2=" ">
   <subfield code="a">(OCoLC)23109493</subfield>
   <subfield code="z">(OCoLC)23121281</subfield>
   <subfield code="z">(OCoLC)23155422</subfield>
   <subfield code="z">(OCoLC)166423445</subfield>
   <subfield code="z">(OCoLC)187448941</subfield>
   <subfield code="z">(OCoLC)220872396</subfield>
   <subfield code="z">(OCoLC)232655328</subfield>
   <subfield code="z">(OCoLC)1004595452</subfield>
   <subfield code="z">(OCoLC)1032779107</subfield>
   <subfield code="z">(OCoLC)1044557067</subfield>
   <subfield code="z">(OCoLC)1059816378</subfield>
   <subfield code="z">(OCoLC)1151488167</subfield>
   <subfield code="z">(OCoLC)1152382926</subfield>
  </datafield>
  <datafield tag="035" ind1=" " ind2=" ">
   <subfield code="a">(OCoLC)ocm23109493 </subfield>
  </datafield>
  <datafield tag="037" ind1=" " ind2=" ">
   <subfield code="b">475 Riverside Dr., Suite 1274, New York, New York 10115-0012</subfield>
  </datafield>
  <datafield tag="040" ind1=" " ind2=" ">
   <subfield code="a">DLC</subfield>
   <subfield code="b">eng</subfield>
   <subfield code="c">DLC</subfield>
   <subfield code="d">STU</subfield>
   <subfield code="d">CPO</subfield>
   <subfield code="d">OUW</subfield>
   <subfield code="d">MUQ</subfield>
   <subfield code="d">NLGGC</subfield>
   <subfield code="d">BTCTA</subfield>
   <subfield code="d">NYDWH</subfield>
   <subfield code="d">CRU</subfield>
   <subfield code="d">AFU</subfield>
   <subfield code="d">YDXCP</subfield>
   <subfield code="d">GEBAY</subfield>
   <subfield code="d">TULIB</subfield>
   <subfield code="d">GBVCP</subfield>
   <subfield code="d">OCLCO</subfield>
   <subfield code="d">OCLCF</subfield>
   <subfield code="d">BEDGE</subfield>
   <subfield code="d">OCLCQ</subfield>
   <subfield code="d">OCL</subfield>
   <subfield code="d">QE2</subfield>
   <subfield code="d">OCLCA</subfield>
   <subfield code="d">OCLCQ</subfield>
   <subfield code="d">NLC</subfield>
   <subfield code="d">OCLCO</subfield>
   <subfield code="d">NMC</subfield>
   <subfield code="d">OCLCQ</subfield>
   <subfield code="d">GILDS</subfield>
   <subfield code="d">NZ1</subfield>
   <subfield code="d">UAB</subfield>
   <subfield code="d">KFH</subfield>
   <subfield code="d">OCLCA</subfield>
   <subfield code="d">OCLCO</subfield>
   <subfield code="d">OCLCA</subfield>
   <subfield code="d">HUELT</subfield>
   <subfield code="d">OCLCA</subfield>
   <subfield code="d">OCLCQ</subfield>
   <subfield code="d">OCLCA</subfield>
  </datafield>
  <datafield tag="043" ind1=" " ind2=" ">
   <subfield code="a">e------</subfield>
  </datafield>
  <datafield tag="050" ind1="0" ind2="0">
   <subfield code="a">D2009</subfield>
   <subfield code="b">.N49 1991</subfield>
  </datafield>
  <datafield tag="050" ind1="1" ind2="4">
   <subfield code="a">H31</subfield>
   <subfield code="b">.A2 v.38 no.1 1991</subfield>
  </datafield>
  <datafield tag="055" ind1=" " ind2="3">
   <subfield code="a">JX1542</subfield>
   <subfield code="b">N532 1991</subfield>
  </datafield>
  <datafield tag="080" ind1=" " ind2=" ">
   <subfield code="a">327(4)&quot;19&quot;</subfield>
   <subfield code="a">327(73:4)&quot;19&quot;</subfield>
   <subfield code="a">327.39(4-62)&quot;19&quot;</subfield>
   <subfield code="a">061.1(4:73):355</subfield>
  </datafield>
  <datafield tag="082" ind1="0" ind2="4">
   <subfield code="a">940.55 NEW</subfield>
  </datafield>
  <datafield tag="084" ind1=" " ind2=" ">
   <subfield code="a">15.70</subfield>
   <subfield code="2">bcl</subfield>
  </datafield>
  <datafield tag="084" ind1=" " ind2=" ">
   <subfield code="a">89.92</subfield>
   <subfield code="2">bcl</subfield>
  </datafield>
  <datafield tag="245" ind1="0" ind2="4">
   <subfield code="a">The new Europe :</subfield>
   <subfield code="b">revolution in East-West relations /</subfield>
   <subfield code="c">edited by Nils H. Wessell.</subfield>
  </datafield>
  <datafield tag="260" ind1=" " ind2=" ">
   <subfield code="a">New York (475 Riverside Dr., Suite 1274, New York 10115-0012) :</subfield>
   <subfield code="b">Academy of Political Science,</subfield>
   <subfield code="c">1991.</subfield>
  </datafield>
  <datafield tag="300" ind1=" " ind2=" ">
   <subfield code="a">x, 214 σ. :</subfield>
   <subfield code="b">χάρτες ;</subfield>
   <subfield code="c">23 εκ.</subfield>
  </datafield>
  <datafield tag="490" ind1="1" ind2=" ">
   <subfield code="a">Proceedings of the Academy of Political Science,</subfield>
   <subfield code="x">0065-0684 ;</subfield>
   <subfield code="v">v. 38</subfield>
  </datafield>
  <datafield tag="583" ind1="1" ind2=" ">
   <subfield code="a">committed to retain</subfield>
   <subfield code="c">20170930</subfield>
   <subfield code="d">20421231</subfield>
   <subfield code="f">HathiTrust</subfield>
   <subfield code="u">https://www.hathitrust.org/shared_print_program</subfield>
   <subfield code="5">AEU</subfield>
   <subfield code="z">HathiTrust Shared Print commitment 2017</subfield>
  </datafield>
  <datafield tag="504" ind1=" " ind2=" ">
   <subfield code="a">Περιέχει βιβλιογραφία και ευρετήριο.</subfield>
  </datafield>
  <datafield tag="505" ind1="0" ind2=" ">
   <subfield code="a">New Soviet approach to Europe / F. Stephen Larrabee -- New Europeans / Stephen F. Szabo -- Spain's transition to democracy / Kenneth Maxwell -- France, Germany, and the future of the Atlantic Alliance / Robbin Laird -- Scandinavia and the &quot;Finlandization&quot; of Soviet security / Phillip A. Petersen -- Role of the United States in Central Europe / Madeleine Albright -- Revival of politics in Romania / Vladimir Tismaneanu -- Impact of Europe 1992 on the United States / Stephen Cooney -- Spiritual resistance in Eastern Europe / John A. Coleman -- Protecting the environment / Allen L. Springer -- Politics of German unification / David Gress -- Alternative Soviet futures and the new Europe / Nils H. Wessell -- NATO's future role : a European view / David Robertson.</subfield>
  </datafield>
  <datafield tag="505" ind1="0" ind2=" ">
   <subfield code="a">NATO's future role : an American view / Robert L. Pfaltzgraff -- Atlantic community / Michael Vlahos -- From containment toward federation / Robert Strausz-Hupé.</subfield>
  </datafield>
  <datafield tag="650" ind1=" " ind2="0">
   <subfield code="a">European federation.</subfield>
  </datafield>
  <datafield tag="650" ind1=" " ind2="7">
   <subfield code="a">Pays occidentaux</subfield>
   <subfield code="2">eclas</subfield>
  </datafield>
  <datafield tag="650" ind1=" " ind2="7">
   <subfield code="a">Pays de l'Est</subfield>
   <subfield code="2">eclas</subfield>
  </datafield>
  <datafield tag="650" ind1=" " ind2="7">
   <subfield code="a">UE/CE Relations extérieures</subfield>
   <subfield code="2">eclas</subfield>
  </datafield>
  <datafield tag="650" ind1=" " ind2="7">
   <subfield code="a">Réformes</subfield>
   <subfield code="2">eclas</subfield>
  </datafield>
  <datafield tag="650" ind1=" " ind2="7">
   <subfield code="a">Relations Est-Ouest</subfield>
   <subfield code="2">eclas</subfield>
  </datafield>
  <datafield tag="650" ind1=" " ind2="7">
   <subfield code="a">UE/CE Etats membres</subfield>
   <subfield code="2">eclas</subfield>
  </datafield>
  <datafield tag="650" ind1=" " ind2="7">
   <subfield code="a">OTAN</subfield>
   <subfield code="2">eclas</subfield>
  </datafield>
  <datafield tag="650" ind1=" " ind2="7">
   <subfield code="a">UE/CE Marché unique</subfield>
   <subfield code="2">eclas</subfield>
  </datafield>
  <datafield tag="650" ind1=" " ind2="7">
   <subfield code="a">European federation</subfield>
   <subfield code="2">fast</subfield>
  </datafield>
  <datafield tag="650" ind1=" " ind2="7">
   <subfield code="a">Diplomatic relations</subfield>
   <subfield code="2">fast</subfield>
  </datafield>
  <datafield tag="650" ind1="1" ind2="7">
   <subfield code="a">Oost-Westverhouding</subfield>
   <subfield code="2">gtt</subfield>
  </datafield>
  <datafield tag="650" ind1="1" ind2="7">
   <subfield code="a">Communisme</subfield>
   <subfield code="2">gtt</subfield>
  </datafield>
  <datafield tag="650" ind1="1" ind2="7">
   <subfield code="a">Politieke verandering</subfield>
   <subfield code="2">gtt</subfield>
  </datafield>
  <datafield tag="650" ind1=" " ind2="7">
   <subfield code="a">Revolution</subfield>
   <subfield code="2">gnd</subfield>
  </datafield>
  <datafield tag="650" ind1=" " ind2="7">
   <subfield code="a">Ost-West-Beziehungen</subfield>
   <subfield code="2">gnd</subfield>
  </datafield>
  <datafield tag="650" ind1=" " ind2="7">
   <subfield code="a">Aufsatzsammlung</subfield>
   <subfield code="2">gnd</subfield>
  </datafield>
  <datafield tag="650" ind1=" " ind2="7">
   <subfield code="a">FOREIGN RELATIONS</subfield>
   <subfield code="2">unbist</subfield>
  </datafield>
  <datafield tag="650" ind1=" " ind2="7">
   <subfield code="a">POLITICAL CONDITIONS</subfield>
   <subfield code="2">unbist</subfield>
  </datafield>
  <datafield tag="650" ind1=" " ind2="7">
   <subfield code="a">EUROPE</subfield>
   <subfield code="2">unbist</subfield>
  </datafield>
  <datafield tag="650" ind1=" " ind2="7">
   <subfield code="a">UNITED STATES</subfield>
   <subfield code="2">unbist</subfield>
  </datafield>
  <datafield tag="650" ind1=" " ind2="7">
   <subfield code="a">EAST-WEST RELATIONS</subfield>
   <subfield code="2">unbist</subfield>
  </datafield>
  <datafield tag="650" ind1=" " ind2="7">
   <subfield code="a">INTERNATIONAL SECURITY</subfield>
   <subfield code="2">unbist</subfield>
  </datafield>
  <datafield tag="651" ind1=" " ind2="0">
   <subfield code="a">Europe</subfield>
   <subfield code="x">Foreign relations</subfield>
   <subfield code="y">1989-</subfield>
  </datafield>
  <datafield tag="651" ind1=" " ind2="7">
   <subfield code="a">Europe orientale</subfield>
   <subfield code="2">eclas</subfield>
  </datafield>
  <datafield tag="651" ind1=" " ind2="7">
   <subfield code="a">Etats-Unis d'Amérique</subfield>
   <subfield code="2">eclas</subfield>
  </datafield>
  <datafield tag="651" ind1=" " ind2="7">
   <subfield code="a">Europe</subfield>
   <subfield code="2">fast</subfield>
  </datafield>
  <datafield tag="651" ind1=" " ind2="7">
   <subfield code="a">Osteuropa</subfield>
   <subfield code="2">gnd</subfield>
  </datafield>
  <datafield tag="651" ind1=" " ind2="7">
   <subfield code="a">USA</subfield>
   <subfield code="2">swd</subfield>
  </datafield>
  <datafield tag="651" ind1=" " ind2="4">
   <subfield code="a">Europe</subfield>
   <subfield code="x">Foreign relations</subfield>
   <subfield code="y">1945-</subfield>
  </datafield>
  <datafield tag="651" ind1=" " ind2="4">
   <subfield code="a">Ευρώπη</subfield>
   <subfield code="x">Εξωτερικές σχέσεις.</subfield>
  </datafield>
  <datafield tag="610" ind1="2" ind2="0">
   <subfield code="a">North Atlantic Treaty Organization.</subfield>
  </datafield>
  <datafield tag="610" ind1="2" ind2="7">
   <subfield code="a">North Atlantic Treaty Organization</subfield>
   <subfield code="2">fast</subfield>
  </datafield>
  <datafield tag="610" ind1="2" ind2="7">
   <subfield code="a">Europäische Gemeinschaften</subfield>
   <subfield code="2">gnd</subfield>
  </datafield>
  <datafield tag="610" ind1="2" ind2="6">
   <subfield code="a">Organisation du traité de l'Atlantique Nord.</subfield>
  </datafield>
  <datafield tag="648" ind1=" " ind2="0">
   <subfield code="a">Geschichte 1985-1990</subfield>
   <subfield code="2">swd</subfield>
  </datafield>
  <datafield tag="648" ind1=" " ind2="0">
   <subfield code="a">Since 1989</subfield>
   <subfield code="2">fast</subfield>
  </datafield>
  <datafield tag="700" ind1="1" ind2=" ">
   <subfield code="a">Wessell, Nils H.</subfield>
  </datafield>
  <datafield tag="776" ind1="1" ind2=" ">
   <subfield code="t">New Europe</subfield>
   <subfield code="w">(DLC)   90084819</subfield>
   <subfield code="w">(OCoLC)23109493</subfield>
  </datafield>
  <datafield tag="776" ind1="0" ind2="8">
   <subfield code="i">Online version:</subfield>
   <subfield code="t">New Europe.</subfield>
   <subfield code="d">New York (475 Riverside Dr., Suite 1274, New York 10115-0012) : Academy of Political Science, 1991</subfield>
   <subfield code="w">(OCoLC)647482377</subfield>
  </datafield>
  <datafield tag="830" ind1=" " ind2="0">
   <subfield code="a">Proceedings of the Academy of Political Science in the City of New York ;</subfield>
   <subfield code="v">v. 38, no. 1.</subfield>
  </datafield>
  <datafield tag="852" ind1=" " ind2=" ">
   <subfield code="a">INST</subfield>
   <subfield code="b">UNIPILB</subfield>
   <subfield code="c">MAIN</subfield>
   <subfield code="e">20210719</subfield>
   <subfield code="h">940.55 NEW</subfield>
   <subfield code="p">00183025</subfield>
   <subfield code="q">00183025</subfield>
   <subfield code="t">LOAN</subfield>
   <subfield code="y">0</subfield>
   <subfield code="4">1</subfield>
  </datafield>
  <datafield tag="960" ind1=" " ind2=" ">
   <subfield code="a">GEORGE</subfield>
  </datafield>
  <datafield tag="960" ind1=" " ind2=" ">
   <subfield code="a">ΜΑΡΙΑ ΒΕΛ</subfield>
  </datafield>
 </record>
</collection>
